| 000 | 00995 a2200313 4500 | ||
|---|---|---|---|
| 999 |
_c200421314 _d38494 |
||
| 001 | 200421314 | ||
| 003 | TR-AnTOB | ||
| 005 | 20240812085647.0 | ||
| 008 | 150212s tu 000 0 | ||
| 020 | _a9754373906 | ||
| 040 |
_aTR-AnTOB _btur _erda _cTR-AnTOB |
||
| 041 | 0 | _atur | |
| 050 | 0 | 0 |
_aLA2383.T92 _bY8379 2002 |
| 090 | _aLA2383.T92.Y8379 2002 | ||
| 100 |
_aSayar, Ahmed Güner _9104137 |
||
| 245 | 1 | 0 |
_aHasan Âli Yücel'in tasavvufı dünyası ve Mevlevıliği / _cAhmed Güner Sayar. |
| 264 |
_aBeyoğlu, İstanbul : _bÖtüken, _c2002. |
||
| 300 |
_a206 p. : _bports. ; _c20 cm. |
||
| 336 |
_atext _2rdacontent _btxt |
||
| 337 |
_aunmediated _2rdamedia _bn |
||
| 338 |
_avolume _2rdacarrie _bnc |
||
| 490 | 0 |
_aÖtüken Yayınları ; _v515 _aKültür Serisi ; _v220 |
|
| 504 | _aIncludes bibliographical references and index. | ||
| 600 | 1 | 0 |
_aYücel, Hasan Âli, _d1897-1961 _936312 |
| 650 | 0 | 0 |
_940727 _aMevleviyeh |
| 650 | 0 | 0 |
_aMevlevilik _940725 |
| 942 |
_cBK _2lcc |
||